[Event "Rated Blitz game"]
[Site "?"]
[Date "2021.02.13"]
[Round "?"]
[White "Anjalia_WGM"]
[Black "UkkuBukkaku"]
[Result "0-1"]
[WhiteElo "2483"]
[BlackElo "2411"]
[PlyCount "116"]
[EventDate "2021.??.??"]
[EventType "blitz"]

1. e4 e5 2. Nf3 d5 3. exd5 e4 4. Qe2 Nf6 5. Nc3 Be7 6. Nxe4 Nxd5 7. d3 O-O 8.
Qd1 f5 9. Nc3 Nxc3 10. bxc3 Bf6 11. Bd2 Re8+ 12. Be2 Qe7 13. Kf1 Nc6 14. d4 g5
15. Bc4+ Kh8 16. Qe2 Qf8 17. Qd3 Na5 18. Nxg5 Nxc4 19. Qxc4 Qg7 20. Nf3 Bd7 21.
Qd3 Bc6 22. Re1 Be4 23. Qc4 Bxc2 24. h4 Re4 25. Rh3 Rae8 26. Rg3 Qe7 27. Ne5
Bxe5 28. Rxe4 fxe4 29. dxe5 Bd3+ 30. Rxd3 exd3 31. Qxd3 Qxe5 32. Be3 c5 33. g3
b6 34. Kg1 Qe4 35. Qd7 Qb1+ 36. Kg2 Qe4+ 37. Kh2 Qe7 38. Qd5 Qe6 39. Qb7 Re7
40. Qb8+ Kg7 41. Qf4 Qf6 42. Qg4+ Kf7 43. h5 Qe6 44. Qf4+ Ke8 45. h6 Kd7 46.
Qb8 Rf7 47. Qxa7+ Kc6 48. Qa6 Qd5 49. Qa4+ Kb7 50. Qe8 Qf5 51. Qd8 Qh5+ 52. Kg1
Qd1+ 53. Kg2 Qh5 54. Qd6 Qf5 55. Qd2 Qf3+ 56. Kg1 Rd7 57. Qc2 Ka6 58. Qxh7 Rd1+
{Time forfeit} 0-1

[Event "Rated Blitz game"]
[Site "?"]
[Date "2021.02.13"]
[Round "?"]
[White "Edva-Edva33"]
[Black "RiskyBlitzer"]
[Result "0-1"]
[WhiteElo "2236"]
[BlackElo "2401"]
[PlyCount "28"]
[EventDate "2021.??.??"]
[EventType "blitz"]

1. e4 e5 2. Nf3 d5 3. d4 dxe4 4. Nxe5 Bd6 5. Bf4 Nd7 6. Nc3 Ngf6 7. Qe2 Bb4 8.
O-O-O Bxc3 9. bxc3 Qe7 10. f3 O-O 11. fxe4 Qa3+ 12. Kd2 Nxe5 13. Bxe5 Bg4 14.
Qf2 Nxe4+ {Normal} 0-1

[Event "Rated Blitz game"]
[Site "?"]
[Date "2021.02.13"]
[Round "?"]
[White "Likhit"]
[Black "UkkuBukkaku"]
[Result "1-0"]
[WhiteElo "2414"]
[BlackElo "2413"]
[PlyCount "35"]
[EventDate "2021.??.??"]
[EventType "blitz"]

1. e4 e5 2. Nf3 d5 3. Nxe5 Bd6 4. d4 dxe4 5. Bc4 Bxe5 6. Qh5 Qe7 7. Qxe5 Qxe5
8. dxe5 Nc6 9. Nc3 Nxe5 10. Bb3 Bf5 11. Bf4 f6 12. O-O-O Ne7 13. Rhe1 Ng4 14.
Bg3 c6 15. Nxe4 Bxe4 16. Rxe4 f5 17. Re6 O-O 18. Rxe7+ {Normal} 1-0

[Event "Rated Blitz game"]
[Site "?"]
[Date "2021.02.13"]
[Round "?"]
[White "Rossarin2378"]
[Black "GrandeGila"]
[Result "0-1"]
[WhiteElo "2392"]
[BlackElo "2432"]
[PlyCount "126"]
[EventDate "2021.??.??"]
[EventType "blitz"]

1. e4 e5 2. Nf3 d5 3. exd5 e4 4. Qe2 Nf6 5. d3 Qxd5 6. dxe4 Qxe4 7. Bg5 Bf5 8.
Bxf6 gxf6 9. Nbd2 Qxe2+ 10. Bxe2 Nc6 11. O-O-O O-O-O 12. a3 Bc5 13. Rhf1 Rhg8
14. g3 Rge8 15. Bb5 Bh3 16. Bxc6 bxc6 17. Rfe1 Bxf2 18. Rxe8 Rxe8 19. Nb3 Bg4
20. Rf1 Be3+ 21. Nfd2 f5 22. Kb1 Bxd2 23. Nxd2 Re2 24. Nf3 Kd8 25. Nd4 Rxh2 26.
Nxc6+ Ke8 27. Nxa7 Rg2 28. Nb5 c6 29. Nd6+ Kd7 30. Nxf5 Be2 31. Rf4 c5 32. b3
Ke6 33. a4 Bd1 34. Ne3 Rg1 35. a5 Be2+ 36. Kb2 Rxg3 37. Nc4 Bf3 38. a6 Bg2 39.
Rf2 Bc6 40. Nb6 Rg8 41. Rh2 Rh8 42. Rh6+ f6 43. a7 Kf7 44. a8=Q Bxa8 45. Nxa8
Kg7 46. Rh5 Rxa8 47. Rxc5 Ra7 48. b4 Rb7 49. b5 Kf7 50. c4 Ke7 51. Rh5 Ke6 52.
Kc3 f5 53. Kb4 f4 54. c5 f3 55. Rh3 Rf7 56. Rh1 Rf4+ 57. Ka5 Kd5 58. c6 f2 59.
Rd1+ Ke6 60. c7 Rf8 61. b6 h5 62. b7 Rf5+ 63. Kb6 f1=Q {Time forfeit} 0-1

[Event "Rated Blitz game"]
[Site "?"]
[Date "2021.02.13"]
[Round "?"]
[White "Markiz02"]
[Black "ALJoNz1976"]
[Result "1/2-1/2"]
[WhiteElo "2434"]
[BlackElo "2252"]
[PlyCount "131"]
[EventDate "2021.??.??"]
[EventType "blitz"]

1. e4 e5 2. Nf3 d5 3. Bc4 dxc4 4. Nxe5 Qd4 5. f4 Qxe4+ 6. Kf1 Qxf4+ 7. Nf3 Bg4
8. Qe2+ Be7 9. Nc3 Bxf3 10. gxf3 Nc6 11. d4 Qxd4 12. Be3 Qf6 13. Nb5 O-O-O 14.
Kf2 Kb8 15. Qxc4 Qxf3+ 16. Kxf3 Ne5+ 17. Kf4 Nxc4 18. Bxa7+ Ka8 19. Bf2 Nf6 20.
Nxc7+ Kb8 21. Nb5 Rd2 22. Ba7+ Ka8 23. Rad1 Rxc2 24. b3 Nd6 25. Nxd6 Bxd6+ 26.
Rxd6 Kxa7 27. a4 Re8 28. Rg1 Re4+ 29. Kf3 Rc3+ 30. Kf2 Rh4 31. Kg2 Rg4+ 32. Kh1
Rxg1+ 33. Kxg1 Rxb3 34. Rd4 Ka6 35. h4 Ka5 36. Rc4 Rb4 37. Rc7 Kxa4 38. Rxf7 b5
39. Rxg7 Rg4+ 40. Rxg4+ Nxg4 41. Kg2 h5 42. Kg3 b4 43. Kf4 b3 44. Kg5 b2 45.
Kxh5 b1=Q 46. Kxg4 Qe4+ 47. Kg5 Kb5 48. h5 Qh7 49. Kg4 Kc5 50. Kg5 Kd5 51. Kg4
Ke5 52. Kg5 Ke6 53. Kh4 Qh6 54. Kg4 Kf6 55. Kh4 Kf5 56. Kg3 Qxh5 57. Kf2 Qg4
58. Ke3 Qe4+ 59. Kd2 Ke5 60. Kc3 Qd4+ 61. Kb3 Kd5 62. Kc2 Kc5 63. Kb3 Qc4+ 64.
Kb2 Kb4 65. Ka1 Qe2 66. Kb1 {Time forfeit} 1/2-1/2

[Event "Rated Blitz game"]
[Site "?"]
[Date "2021.02.13"]
[Round "?"]
[White "insight64"]
[Black "rubengilmondelo64"]
[Result "1-0"]
[WhiteElo "2401"]
[BlackElo "2226"]
[PlyCount "34"]
[EventDate "2021.??.??"]
[EventType "blitz"]

1. e4 e5 2. Nf3 d5 3. Nxe5 Bd6 4. d4 dxe4 5. Nc3 Bxe5 6. dxe5 Qxd1+ 7. Nxd1 Nc6
8. Bf4 Bf5 9. Bb5 Nge7 10. Ne3 O-O-O 11. Bxc6 bxc6 12. Bg5 f6 13. exf6 gxf6 14.
Bxf6 Rhe8 15. Bxe7 Rxe7 16. Nxf5 Rf7 17. Ne3 Rdf8 {Normal} 1-0

[Event "Rated Blitz game"]
[Site "?"]
[Date "2021.02.13"]
[Round "?"]
[White "TysonT"]
[Black "annaly1979"]
[Result "1-0"]
[WhiteElo "2403"]
[BlackElo "2421"]
[PlyCount "89"]
[EventDate "2021.??.??"]
[EventType "blitz"]

1. e4 e5 2. Nf3 d5 3. exd5 e4 4. Qe2 f5 5. d3 Nf6 6. dxe4 fxe4 7. Ng5 Be7 8.
Ne6 Bxe6 9. dxe6 O-O 10. Nc3 Nc6 11. Be3 Qd6 12. Rd1 Qb4 13. Qb5 Rad8 14. Bc4
a6 15. Qxb4 Nxb4 16. Bb3 Rxd1+ 17. Kxd1 Rd8+ 18. Ke2 c6 19. Rd1 Kf8 20. Rxd8+
Bxd8 21. Bc5+ Be7 22. Bd4 Nbd5 23. Bxd5 Nxd5 24. Nxe4 Nf4+ 25. Kf3 Nxe6 26. Be3
h6 27. g4 g5 28. Kg3 Kf7 29. f4 gxf4+ 30. Bxf4 Nd4 31. Bxh6 Nxc2 32. h4 Nd4 33.
Be3 Ne6 34. g5 c5 35. Kg4 b5 36. h5 Nd4 37. b4 Nc2 38. Bxc5 Nxb4 39. g6+ Ke6
40. Bxe7 Kxe7 41. h6 Nc6 42. h7 Ne5+ 43. Kf5 Nf3 44. h8=Q Nd4+ 45. Qxd4 {Normal
} 1-0

[Event "Rated Blitz tournament 12JFRTBA"]
[Site "?"]
[Date "2021.02.13"]
[Round "?"]
[White "FerociousLion98999"]
[Black "Veysi13"]
[Result "1-0"]
[WhiteElo "2404"]
[BlackElo "2211"]
[PlyCount "101"]
[EventDate "2021.??.??"]
[EventType "blitz"]

1. e4 e5 2. Nf3 d5 3. Nxe5 Bd6 4. d4 dxe4 5. Nc3 Bxe5 6. dxe5 Qxd1+ 7. Nxd1 Nc6
8. Bb5 Bd7 9. Nc3 f5 10. Nd5 O-O-O 11. Bg5 Re8 12. O-O-O h6 13. Bf4 Nge7 14.
Nxc7 g5 15. e6 gxf4 16. exd7+ Kxc7 17. dxe8=Q Rxe8 18. h4 a6 19. Bc4 Ne5 20.
Bb3 Ng4 21. Rdf1 b5 22. f3 exf3 23. Rxf3 Ne3 24. Rxf4 Nxg2 25. Rf2 Ne3 26. Re1
Nc6 27. Rf3 f4 28. Rxf4 Kd7 29. Rf6 Nd4 30. Rxh6 Nxb3+ 31. axb3 a5 32. Ra6 a4
33. bxa4 b4 34. Rb6 Nd5 35. Rxe8 Nxb6 36. Re4 Nxa4 37. h5 Nc5 38. Rxb4 Ne6 39.
h6 Nf8 40. Rf4 Ng6 41. b4 Nxf4 42. h7 Ne2+ 43. Kd2 Nd4 44. h8=Q Ne6 45. b5 Nc7
46. Qg7+ Kc8 47. b6 Nb5 48. c4 Kd8 49. cxb5 Ke8 50. b7 Kd8 51. b8=Q# {Normal}
1-0

[Event "Rated Blitz game"]
[Site "?"]
[Date "2021.02.13"]
[Round "?"]
[White "YoungAngus"]
[Black "Fantastic_power06"]
[Result "1/2-1/2"]
[WhiteElo "2658"]
[BlackElo "2652"]
[PlyCount "166"]
[EventDate "2021.??.??"]
[EventType "blitz"]

1. e4 e5 2. Nf3 d5 3. d4 dxe4 4. Nxe5 Bd6 5. Nc3 Bxe5 6. dxe5 Qxd1+ 7. Nxd1 Nc6
8. Nc3 Bf5 9. Bf4 O-O-O 10. Bc4 Nd4 11. O-O Be6 12. Bxe6+ Nxe6 13. Be3 f5 14.
exf6 Nxf6 15. Rad1 Rxd1 16. Rxd1 Rd8 17. Rxd8+ Kxd8 18. h3 a6 19. Kf1 Kd7 20.
Ke2 b5 21. Nb1 Nd5 22. Nd2 Nb4 23. c3 Nxa2 24. Nxe4 Kc6 25. Kd3 Kd5 26. f3 c5
27. Kc2 a5 28. Kb3 Nxc3 29. Nxc3+ Kc6 30. Ne4 c4+ 31. Kc3 Nc7 32. Kd4 Ne6+ 33.
Ke5 Nc7 34. Bd2 b4 35. Kd4 c3 36. bxc3 b3 37. Bc1 a4 38. Kc4 Nd5 39. Kd4 Nf4
40. Kc4 Nxg2 41. Kb4 Ne1 42. Kxa4 Nd3 43. Ba3 b2 44. Nd2 h5 45. Kb3 h4 46. Bxb2
Nf4 47. c4 g5 48. Ne4 Nxh3 49. Bf6 Ng1 50. Nxg5 Kd6 51. Ne4+ Ke6 52. Bxh4 Nxf3
53. Bf2 Kf5 54. Nc3 Nd2+ 55. Kb4 Nxc4 56. Kxc4 Kf4 57. Bd4 Kf3 58. Nd5 Ke4 59.
Nf6+ Kf5 60. Kd5 Kf4 61. Ne4 Kf3 62. Ke5 Ke2 63. Kf4 Kd3 64. Kf3 Kc4 65. Bf6
Kd5 66. Bg5 Ke6 67. Be3 Kd5 68. Ng3 Ke5 69. Kg4 Kd5 70. Kf5 Kc4 71. Bf4 Kd3 72.
Ke5 Kc3 73. Ke4 Kc4 74. Be3 Kb5 75. Nf5 Kc6 76. Ne7+ Kd7 77. Nd5 Ke6 78. Bd4
Kd6 79. Be5+ Ke6 80. Nf4+ Kf7 81. Kd5 Ke8 82. Kd6 Kd8 83. Nd5 Kc8 {Time forfeit
} 1/2-1/2

[Event "Rated Blitz game"]
[Site "?"]
[Date "2021.02.13"]
[Round "?"]
[White "ArkadijNaiditsch"]
[Black "gmluke"]
[Result "0-1"]
[WhiteElo "2725"]
[BlackElo "2627"]
[PlyCount "114"]
[EventDate "2021.??.??"]
[EventType "blitz"]

1. e4 e5 2. Nf3 d5 3. d3 dxe4 4. dxe4 Qxd1+ 5. Kxd1 f6 6. Nbd2 Bc5 7. Ke1 a5 8.
c3 a4 9. Nc4 Be6 10. Be3 Nd7 11. Nfd2 b5 12. Bxc5 Nxc5 13. Ne3 c6 14. a3 Nh6
15. Be2 Nf7 16. f3 Nd6 17. Kf2 Ke7 18. Rhd1 Rhb8 19. Rac1 Rb7 20. g3 g6 21. Nc2
Bb3 22. Nxb3 Nxb3 23. Rb1 Na5 24. Nb4 Rd8 25. Rd3 Rbd7 26. Rbd1 Ndc4 27. Rxd7+
Rxd7 28. Rxd7+ Kxd7 29. Bxc4 Nxc4 30. Nd3 Kd6 31. g4 Ke6 32. h4 f5 33. exf5+
gxf5 34. g5 f4 35. Ke2 Kf5 36. Nb4 Nxb2 37. Nxc6 Nc4 38. Na7 Nxa3 39. Kd3 Kg6
40. Ke4 Nc4 41. Nxb5 Kh5 42. Kd5 Kxh4 43. Kxc4 e4 44. Nd4 exf3 45. Nxf3+ Kg4
46. Nd2 Kxg5 47. Kb5 a3 48. Kb4 a2 49. Nb3 f3 50. Ka3 f2 51. Kxa2 f1=Q 52. Ka3
Qc4 53. Kb2 Kf4 54. Nd4 Ke3 55. Nc2+ Kd2 56. Na3 Qxc3+ 57. Ka2 Kc1 {Time
forfeit} 0-1

[Event "Rated Blitz game"]
[Site "?"]
[Date "2021.02.13"]
[Round "?"]
[White "strong_player_007"]
[Black "pasha1984"]
[Result "0-1"]
[WhiteElo "2400"]
[BlackElo "2404"]
[PlyCount "96"]
[EventDate "2021.??.??"]
[EventType "blitz"]

1. e4 e5 2. Nf3 d5 3. Nxe5 dxe4 4. Bc4 Qg5 5. d4 Qxg2 6. Rf1 Be6 7. Bxe6 fxe6
8. c3 Nf6 9. Qa4+ Nbd7 10. Be3 Bd6 11. Nxd7 Nxd7 12. Nd2 Qg4 13. f3 exf3 14.
O-O-O Rf8 15. Rg1 Qf5 16. Rxg7 c6 17. Rf1 Qd3 18. Bh6 Bf4 19. Bxf4 Rxf4 20.
Rg8+ Rf8 21. Rxf8+ Nxf8 22. Rxf3 Qe2 23. Rg3 Qxh2 24. Rg7 Qh1+ 25. Kc2 Qd5 26.
Rxb7 Nd7 27. Qa6 Qf5+ 28. Kc1 Qd5 29. Rc7 Ke7 30. Qa3+ Qd6 31. Rxa7 Qxa3 32.
Rxa3 Rxa3 33. bxa3 h5 34. Nf3 Kf6 35. a4 Nb8 36. a5 Kf5 37. Kc2 Kf4 38. Nh2 h4
39. c4 Kg3 40. Nf1+ Kf2 41. Nh2 Kg2 42. Ng4 Kg3 43. Ne3 h3 44. Nf1+ Kf2 45. Nh2
Kg2 46. Ng4 Kg3 47. Ne3 Na6 48. Kc3 Kf3 {Time forfeit} 0-1

[Event "Rated Blitz game"]
[Site "?"]
[Date "2021.02.13"]
[Round "?"]
[White "Vampilu"]
[Black "ALJoNz1976"]
[Result "1-0"]
[WhiteElo "2411"]
[BlackElo "2398"]
[PlyCount "95"]
[EventDate "2021.??.??"]
[EventType "blitz"]

1. e4 e5 2. Nf3 d5 3. Nxe5 dxe4 4. d4 Bd6 5. Bc4 Bxe5 6. Qh5 Qe7 7. dxe5 Nc6 8.
Bf4 Be6 9. Bxe6 Qxe6 10. O-O O-O-O 11. Nc3 Nd4 12. Kh1 f5 13. exf6 Nxf6 14. Qe5
Qxe5 15. Bxe5 Nxc2 16. Rac1 Nb4 17. Nxe4 Nfd5 18. Bg3 Nd3 19. Rc2 Rhe8 20. f3
Kb8 21. a3 Ne5 22. Re1 Nc6 23. h3 h6 24. Rce2 g5 25. Nc5 Rxe2 26. Rxe2 Nf4 27.
Bxf4 gxf4 28. Re4 Rd2 29. Rxf4 b6 30. Rf8+ Nd8 31. Ne6 Rd1+ 32. Kh2 Kc8 33.
Rxd8+ Rxd8 34. Nxd8 Kxd8 35. g4 c5 36. Kg2 Ke7 37. f4 Kf6 38. Kf3 b5 39. Ke4
Ke6 40. f5+ Kd6 41. h4 a5 42. g5 hxg5 43. hxg5 b4 44. axb4 cxb4 45. b3 Kc5 46.
f6 Kd6 47. Kd4 Ke6 48. Kc4 {Normal} 1-0

[Event "Rated Blitz game"]
[Site "?"]
[Date "2021.02.13"]
[Round "?"]
[White "PabloTapie"]
[Black "KamranShirazi"]
[Result "0-1"]
[WhiteElo "2510"]
[BlackElo "2476"]
[PlyCount "42"]
[EventDate "2021.??.??"]
[EventType "blitz"]

1. e4 e5 2. Nf3 d5 3. Nxe5 Bd6 4. d4 dxe4 5. Nc4 Nc6 6. Nc3 Bb4 7. d5 Nce7 8.
Ne3 f5 9. Bb5+ Bd7 10. Bxd7+ Qxd7 11. Qd4 Bxc3+ 12. Qxc3 Nf6 13. O-O O-O 14.
Rd1 f4 15. Nc4 Nexd5 16. Qb3 Qf7 17. Qxb7 e3 18. fxe3 f3 19. Ne5 f2+ 20. Kh1
Qh5 21. Rxd5 f1=Q# {Normal} 0-1

[Event "Rated Blitz game"]
[Site "?"]
[Date "2021.02.13"]
[Round "?"]
[White "NormWeinstein"]
[Black "ALJoNRo76"]
[Result "1-0"]
[WhiteElo "2407"]
[BlackElo "2274"]
[PlyCount "93"]
[EventDate "2021.??.??"]
[EventType "blitz"]

1. e4 e5 2. Nf3 d5 3. d4 dxe4 4. Nxe5 Bd6 5. Bf4 Bf5 6. Bg3 f6 7. Nc4 Bxg3 8.
hxg3 Nc6 9. c3 Qd5 10. Ne3 Qd7 11. Nd2 Bg6 12. Bb5 Nge7 13. Qb3 O-O-O 14. O-O-O
Rhf8 15. Ndc4 Bf7 16. Na5 Bxb3 17. axb3 Qe6 18. Bc4 Qd6 19. Nxc6 Nxc6 20. Rxh7
g6 21. b4 Nxb4 22. cxb4 Qxb4 23. Kb1 f5 24. Be6+ Kb8 25. d5 c6 26. Rc1 cxd5 27.
Nxd5 Qd6 28. Rcc7 Qa6 29. Nb4 Qb5 30. Na2 Rd1+ 31. Nc1 Qd3+ 32. Ka2 Qa6+ 33.
Kb1 Qxe6 34. Rxb7+ Kc8 35. Rhc7+ Kd8 36. Rxa7 Qd5 37. Rcb7 Kc8 38. Rc7+ Kb8 39.
Rab7+ Qxb7 40. Rxb7+ Kxb7 41. Kc2 Rfd8 42. Nb3 Rg1 43. Nc5+ Kc6 44. Ne6 Rxg2
45. Nxd8+ Kd7 46. Nb7 Rxf2+ 47. Kc3 {Time forfeit} 1-0

[Event "Rated Blitz tournament 12JFRTBA"]
[Site "?"]
[Date "2021.02.13"]
[Round "?"]
[White "FerociousLion98999"]
[Black "satranCocuk_YouTube"]
[Result "1/2-1/2"]
[WhiteElo "2424"]
[BlackElo "2286"]
[PlyCount "110"]
[EventDate "2021.??.??"]
[EventType "blitz"]

1. e4 e5 2. Nf3 d5 3. exd5 e4 4. Ne5 Bd6 5. d4 exd3 6. Nxd3 Nf6 7. c4 b6 8. Be2
O-O 9. O-O Nbd7 10. Nc3 Nc5 11. Bg5 h6 12. Bh4 Nxd3 13. Qxd3 c6 14. dxc6 Bg4
15. Bxf6 Bxe2 16. Qxe2 Qxf6 17. Nd5 Qg5 18. Rad1 Rac8 19. Qf3 Qh4 20. g3 Qxc4
21. Nf6+ gxf6 22. Rxd6 Qc2 23. Rxf6 Qh7 24. Rd1 Rfe8 25. Rd7 Rf8 26. Rdd6 h5
27. Rh6 Qg7 28. Qxh5 Rfd8 29. Qf5 Qxb2 30. Kg2 Qg7 31. c7 Re8 32. Qxc8 Rxc8 33.
Rd8+ Qf8 34. Rxf8+ Rxf8 35. Rd6 b5 36. Rd8 Rxd8 37. cxd8=Q+ Kg7 38. Qd5 Kh6 39.
Qd4 Kg5 40. Qxa7 Kg6 41. Qb7 Kf6 42. Qxb5 Kg7 43. Qb6 Kg8 44. Qb5 Kg7 45. a4
Kg6 46. a5 Kh7 47. Qc6 Kg8 48. Qc5 Kg7 49. Qd5 f5 50. Qf7+ Kxf7 51. Kf3 Kf6 52.
Kf4 Ke6 53. g4 Ke7 54. gxf5 Kd6 55. Kg5 Kc5 {Time forfeit} 1/2-1/2

[Event "Rated Blitz game"]
[Site "?"]
[Date "2021.02.13"]
[Round "?"]
[White "hima_saber80"]
[Black "pasha1984"]
[Result "1-0"]
[WhiteElo "2410"]
[BlackElo "2419"]
[PlyCount "85"]
[EventDate "2021.??.??"]
[EventType "blitz"]

1. e4 e5 2. Nf3 d5 3. exd5 e4 4. Qe2 Nf6 5. d3 Qxd5 6. Nc3 Bb4 7. dxe4 Bxc3+ 8.
bxc3 Qxe4 9. Be3 Nc6 10. Qd3 Bf5 11. Ng5 Qxd3 12. Bxd3 Bg6 13. Rb1 Bxd3 14.
cxd3 b6 15. Ke2 h6 16. Ne4 Nd5 17. c4 Nxe3 18. fxe3 O-O-O 19. Rhf1 f6 20. Nc3
Rhe8 21. Nd5 Ne7 22. Nxe7+ Rxe7 23. Rbd1 Rde8 24. Rf3 c5 25. e4 Rd7 26. Re3 Kc7
27. Rf1 Re5 28. Rf5 Rde7 29. g4 a6 30. a4 Kc6 31. Ref3 b5 32. axb5+ axb5 33.
cxb5+ Kxb5 34. Rxe5 Rxe5 35. Rf5 c4 36. d4 Rxf5 37. gxf5 Kb4 38. e5 Kb3 39. e6
c3 40. e7 c2 41. e8=Q c1=Q 42. Qb5+ Ka3 43. Qc5+ {Normal} 1-0

[Event "Rated Blitz game"]
[Site "?"]
[Date "2021.02.13"]
[Round "?"]
[White "echecetmat45"]
[Black "pasha1984"]
[Result "0-1"]
[WhiteElo "2385"]
[BlackElo "2417"]
[PlyCount "76"]
[EventDate "2021.??.??"]
[EventType "blitz"]

1. e4 e5 2. Nf3 d5 3. d4 dxe4 4. Nxe5 Bd6 5. Bc4 Bxe5 6. dxe5 Qxd1+ 7. Kxd1 Nc6
8. Bd5 Bg4+ 9. Ke1 O-O-O 10. Nc3 Nxe5 11. Bxe4 Nf6 12. Be3 Nc4 13. h3 Nxe3 14.
fxe3 Nxe4 15. hxg4 Nxc3 16. bxc3 h6 17. Rd1 Rhe8 18. Rxd8+ Kxd8 19. Ke2 Ke7 20.
Rh5 Rd8 21. g5 hxg5 22. Rxg5 Kf6 23. Rc5 c6 24. Ra5 a6 25. Ra4 Rd5 26. c4 Rg5
27. Kf3 a5 28. Ra3 Ke6 29. Rb3 b5 30. cxb5 cxb5 31. c4 bxc4 32. Rc3 Kd5 33. Ra3
Kc6 34. g4 Kb5 35. Kf4 f6 36. Rc3 Kb4 37. Rc1 c3 38. Ke4 Kc4 {Normal} 0-1

[Event "Rated Blitz game"]
[Site "?"]
[Date "2021.02.13"]
[Round "?"]
[White "abyssus"]
[Black "Fantastic_power06"]
[Result "0-1"]
[WhiteElo "2667"]
[BlackElo "2657"]
[PlyCount "80"]
[EventDate "2021.??.??"]
[EventType "blitz"]

1. e4 e5 2. Nf3 d5 3. d4 dxe4 4. Nxe5 Bd6 5. Bc4 Bxe5 6. Qh5 Qe7 7. Qxe5 Qxe5
8. dxe5 Nc6 9. Bf4 Bf5 10. e6 fxe6 11. Bxc7 Rc8 12. Bd6 Nd4 13. Na3 Nxc2+ 14.
Nxc2 Rxc4 15. Ne3 Rc6 16. Be5 Nf6 17. O-O Kf7 18. Rfd1 Rhc8 19. h3 h5 20. b3
Kg6 21. Nc4 Nd5 22. Bd4 Kh7 23. a4 b6 24. a5 Nf4 25. Be3 Nd5 26. Bd4 h4 27.
axb6 axb6 28. Ne5 Rc2 29. Ra7 Nf4 30. Be3 Nd3 31. Nc4 b5 32. Nd6 R8c6 33. Nxb5
e5 34. Na3 Re2 35. Nc4 Rg6 36. Kf1 Rc2 37. Nd2 Nf4 38. Ra4 Nxg2 39. Nc4 Bxh3
40. Nxe5 Nxe3+ {Normal} 0-1

[Event "Rated Blitz game"]
[Site "?"]
[Date "2021.02.12"]
[Round "?"]
[White "Lixie1903"]
[Black "Schachelite"]
[Result "1/2-1/2"]
[WhiteElo "2567"]
[BlackElo "2406"]
[PlyCount "56"]
[EventDate "2021.??.??"]
[EventType "blitz"]

1. e4 e5 2. Nf3 d5 3. Nxe5 Bd6 4. d4 dxe4 5. Nc4 Nf6 6. Bg5 O-O 7. Nc3 Nc6 8.
Be2 Be7 9. d5 Nb4 10. d6 cxd6 11. a3 d5 12. axb4 dxc4 13. Qxd8 Rxd8 14. Nxe4
Bxb4+ 15. c3 Nxe4 16. Bxd8 Nxc3 17. Bxc4 Nb1+ 18. Ke2 Bg4+ 19. f3 Rxd8 20. fxg4
Nd2 21. b3 a5 22. Rhd1 Re8+ 23. Kf2 Bc5+ 24. Kg3 Re3+ 25. Kf4 Re4+ 26. Kg3 Re3+
27. Kf4 Re4+ 28. Kg3 Re3+ {Normal} 1/2-1/2

[Event "Rated Blitz game"]
[Site "?"]
[Date "2021.02.12"]
[Round "?"]
[White "felinoguaso"]
[Black "alaeldin112"]
[Result "0-1"]
[WhiteElo "2425"]
[BlackElo "2263"]
[PlyCount "84"]
[EventDate "2021.??.??"]
[EventType "blitz"]

1. e4 e5 2. Nf3 d5 3. Nxe5 Bd6 4. d4 dxe4 5. Nc3 Nf6 6. Bg5 O-O 7. Bxf6 Qxf6 8.
Nxe4 Qe7 9. Qe2 Bxe5 10. dxe5 Qxe5 11. Nc3 Qa5 12. O-O-O Nc6 13. Qb5 Bg4 14. f3
Be6 15. Qxa5 Nxa5 16. Nb5 Rfc8 17. Nd4 Bc4 18. Bxc4 Nxc4 19. Rhe1 Re8 20. Nb5
c6 21. Rxe8+ Rxe8 22. Nc3 f5 23. b3 Ne3 24. Rd2 Kf7 25. Re2 b5 26. a3 f4 27.
Ne4 Rd8 28. g3 Rd1+ 29. Kb2 Nd5 30. Ng5+ Kg6 31. Ne6 Rf1 32. c4 bxc4 33. bxc4
Rb1+ 34. Kxb1 Nc3+ 35. Kc2 Nxe2 36. Kd2 fxg3 37. hxg3 Nxg3 38. Nd4 h5 39. Nxc6
h4 40. Ke3 h3 41. Kf2 h2 42. Ne5+ Kf5 {Time forfeit} 0-1

[Event "Rated Blitz game"]
[Site "?"]
[Date "2021.02.12"]
[Round "?"]
[White "WiredDifferently"]
[Black "AlistairC"]
[Result "1-0"]
[WhiteElo "2426"]
[BlackElo "2271"]
[PlyCount "85"]
[EventDate "2021.??.??"]
[EventType "blitz"]

1. e4 e5 2. Nf3 d5 3. exd5 Bd6 4. Nc3 Nf6 5. d4 e4 6. Ne5 O-O 7. Be2 Re8 8. Bf4
Nbd7 9. O-O Nxe5 10. dxe5 Bxe5 11. Bxe5 Rxe5 12. Qd4 Qe7 13. Rad1 Bf5 14. d6
cxd6 15. Qxd6 Qxd6 16. Rxd6 Kf8 17. Rfd1 Ke7 18. R1d2 a6 19. Nd1 Rc8 20. Ne3
Be6 21. c4 Rec5 22. b4 R5c6 23. Rxc6 Rxc6 24. a3 Nd7 25. g4 Ne5 26. c5 g6 27.
g5 Nf3+ 28. Bxf3 exf3 29. h4 f5 30. Nc2 Rc7 31. Nd4 Rd7 32. Nxf3 Rxd2 33. Nxd2
Bd5 34. f4 Kd7 35. Kf2 Kc6 36. Ke3 Kb5 37. Kd4 Bg8 38. Kc3 Ka4 39. Kb2 a5 40.
Kc3 Kxa3 41. b5 Ka4 42. c6 bxc6 43. b6 {Normal} 1-0

[Event "Rated Blitz game"]
[Site "?"]
[Date "2021.02.12"]
[Round "?"]
[White "Chesstomioka"]
[Black "lavilaine"]
[Result "0-1"]
[WhiteElo "2534"]
[BlackElo "2367"]
[PlyCount "122"]
[EventDate "2021.??.??"]
[EventType "blitz"]

1. e4 e5 2. Nf3 d5 3. exd5 e4 4. Nd4 Qxd5 5. Nb3 Bd6 6. Nc3 Qe5 7. g3 f5 8. Bg2
Nf6 9. O-O Nc6 10. d3 Bd7 11. dxe4 fxe4 12. Bf4 Qe7 13. Bxd6 cxd6 14. Re1 O-O-O
15. Nxe4 Nxe4 16. Rxe4 Qf6 17. c3 Rhf8 18. Qd2 Ne5 19. Rf4 Qg6 20. Rxf8 Rxf8
21. Rd1 Rf6 22. Nd4 Ng4 23. f4 Qh5 24. h3 Ne3 25. Re1 Nxg2 26. Qxg2 Bxh3 27.
Re8+ Qxe8 28. Qxh3+ Kb8 29. Qf1 Qe3+ 30. Kg2 Qd2+ 31. Qf2 Qxf2+ 32. Kxf2 g5 33.
Kf3 gxf4 34. gxf4 d5 35. Kg4 Kc7 36. f5 h6 37. Ne2 Kd6 38. Kf4 h5 39. Ng3 h4
40. Nh5 h3 41. Ng3 h2 42. Nh1 b5 43. Nf2 a5 44. Nh1 b4 45. Nf2 bxc3 46. bxc3 a4
47. a3 Kc5 48. Ke5 Rf8 49. f6 Kc4 50. Ke6 Kxc3 51. Ke7 Rb8 52. f7 Kb3 53. Ke6
Kxa3 54. Kxd5 Kb2 55. Nd3+ Kc3 56. Nf2 a3 57. Ne4+ Kc2 58. Nd6 Rd8 59. Ke5 h1=Q
60. Ne8 Qe1+ 61. Kf6 Rxe8 {Normal} 0-1

[Event "Rated Blitz game"]
[Site "?"]
[Date "2021.02.12"]
[Round "?"]
[White "urbas"]
[Black "Schachelite"]
[Result "0-1"]
[WhiteElo "2406"]
[BlackElo "2396"]
[PlyCount "46"]
[EventDate "2021.??.??"]
[EventType "blitz"]

1. e4 e5 2. Nf3 d5 3. d3 dxe4 4. dxe4 Qxd1+ 5. Kxd1 Bg4 6. Be2 Nc6 7. c3 O-O-O+
8. Kc2 Bc5 9. Be3 Bxe3 10. fxe3 f6 11. Nbd2 Nge7 12. b4 a6 13. a4 Kb8 14. a5
Rd7 15. Rhb1 Na7 16. Nxe5 Rxd2+ 17. Kxd2 Bxe2 18. Nd7+ Kc8 19. Nb6+ cxb6 20.
axb6 Nb5 21. c4 Bxc4 22. Rc1 Rd8+ 23. Ke1 Nd6 {Normal} 0-1

[Event "Rated Blitz game"]
[Site "?"]
[Date "2021.02.12"]
[Round "?"]
[White "KonstantinLo"]
[Black "Fantastic_power06"]
[Result "0-1"]
[WhiteElo "2425"]
[BlackElo "2611"]
[PlyCount "40"]
[EventDate "2021.??.??"]
[EventType "blitz"]

1. e4 e5 2. Nf3 d5 3. Nxe5 Bd6 4. d4 dxe4 5. Be2 Bxe5 6. dxe5 Qxd1+ 7. Bxd1 Nc6
8. Bf4 Nge7 9. Nd2 Bf5 10. e6 fxe6 11. Bxc7 Rc8 12. Bd6 Kf7 13. c3 Rhd8 14. Ba3
Ne5 15. Be2 Nd5 16. O-O-O Nf4 17. Bf1 Nfd3+ 18. Bxd3 Nxd3+ 19. Kb1 Nxf2 20.
Rhf1 Nxd1 {Normal} 0-1

[Event "Rated Blitz game"]
[Site "?"]
[Date "2021.02.12"]
[Round "?"]
[White "Maybach77"]
[Black "blastol"]
[Result "1-0"]
[WhiteElo "2309"]
[BlackElo "2400"]
[PlyCount "99"]
[EventDate "2021.??.??"]
[EventType "blitz"]

1. e4 e5 2. Nf3 d5 3. Nxe5 Bd6 4. d4 dxe4 5. Nc3 Nf6 6. Bg5 O-O 7. Bc4 Bf5 8.
O-O Nc6 9. Nxc6 bxc6 10. Re1 Qd7 11. Bxf6 gxf6 12. Nxe4 Be7 13. c3 Kh8 14. Qf3
Rg8 15. Ng3 Bg4 16. Qf4 Bf8 17. Qxf6+ Bg7 18. Qxf7 Qxf7 19. Bxf7 Rgf8 20. Bh5
Bd7 21. Bf3 Rab8 22. Re7 Rfd8 23. b3 c5 24. dxc5 Bxc3 25. Rd1 Bb5 26. Rxd8+
Rxd8 27. h4 Ba5 28. Be4 Rd1+ 29. Kh2 Rd2 30. f3 Rxa2 31. Nh5 Kg8 32. b4 Bxb4
33. Bd5+ Kf8 34. Rf7+ Ke8 35. Bxa2 a5 36. Nf6+ Kd8 37. Be6 a4 38. Nd5 Bxc5 39.
Rxh7 Bd4 40. Rf7 Bc5 41. Rg7 a3 42. Rg8+ Be8 43. Nf6 Ke7 44. Rxe8+ Kxf6 45. Ba2
Bd6+ 46. Kh3 c5 47. g4 Be7 48. g5+ Kf5 49. Rxe7 Kf4 50. g6 {Normal} 1-0